DE ŠČASTJA GRAN'...

Bibliographic Details
Main Author: Drobňak, Michal, 1942-1984 (Author)
Format: Article
Language:Ukrainian

MARC

LEADER 00000nab a2200000 a 4500
001 vtls010807744
003 SK-MaSNL
005 20260303132908.0
008 230218s1992 xo |||||||||||||||||ukr|
035 |a (urnnbn)urn:nbn:sk:snk:ar-0053qz 
035 |a (uuid)784ca632-e09b-4d26-980e-5e9172fce240 
035 |a urn:nbn:sk:snk-ab36tm 
040 |a SNKBUCL  |b slo  |c SNKBUCL  |e AACR2 
041 0 |a ukr 
044 |a xo  |c SK 
100 1 |a Drobňak, Michal,  |d 1942-1984  |4 aut  |9 132318 
245 1 0 |a DE ŠČASTJA GRAN'...  |c Michajlo Drobnjak 
773 0 |t Duklja : literaturno-chudožnij ta hromads'ko-polityčnyj al'manach  |g Roč. 40, č. 6 (1992), s. 3 
958 |a OND 
958 |a EUIPO 
958 |a article2 
999 |c 1953992  |d 1955922